000
00445nam a2200157Ia 4500
008
220531s9999 xx 000 0 und d
041
_a
mar
100
_a
आगलावे प्रदिप
_9
39196
245
_a
समाजशास्त्रीय संकल्पना
260
_b
Sainath
_c
1995
300
_a
291
542
_d
04-07-1998
650
_a
Sociology
_9
39197
906
_d
1998-1999
999
_c
23666
_d
23666